Professional construction management and project administration

Bibliographic Details
Main Author: Foxhall, William B.
Format: Book
Published: New York : Architectual Record Book , 1976
Edition:2nd. ed.
Subjects:

MARC

LEADER 00000cam a2200000 7i4500
001 0000003032
005 20050503.0
020 |a 0070217556 
040 |a INS 
090 0 0 |a HD9715.A2   |b F65 1976 
100 1 |a Foxhall, William B. 
245 1 0 |a Professional construction management and project administration   |c William B. Foxhall 
250 |a 2nd. ed. 
260 |a New York :   |b Architectual Record Book ,   |c 1976 
300 |a ix, 125p. ;   |c 28 cm. 
650 0 0 |a Construction industry   |x management 
650 0 0 |a Industrial project management 
999 |a 0000000990   |b BOOK   |c Open Shelf   |e Default branch